Натисни точката (Запис номер 212031)
[ съкратено ]
| 000 -Лидер | |
|---|---|
| Контролно поле с фиксирана дължина | 01947nkm a2200397 c 4500 |
| 003 - Код на организацията, давaща контролен номер | |
| Контролно поле | BLK |
| 005 - Дата и час на последна редакция | |
| Контролно поле | 20250609165719.0 |
| 008 - Елементи от данни с фиксирана дължина | |
| fixed length control field | 180413b bul rap|r|||| r0| ||bulo| |
| 010 ## - Наследен системен номер | |
| LC control number | KNG00202030000 |
| 020 ## - Международен стандартен номер на книга ISBN | |
| Международен стандартен номер на книга ISBN | 978-619-90555-0-2 |
| -- | издат.: Funky Books |
| 040 ## - Източник на каталожния запис | |
| Идентификатор на билиотеката - собственик на записа | BLK |
| 041 ## - Код за език | |
| Код за езика на текст/звукозапис или на отделно заглавие | Български |
| Код за езика КДБФ | Български |
| 072 #7 - Код за тематичната категория | |
| Код организация | bullib |
| Код за тематична категория | Н37 |
| Текст | Образование. Педагогика Н |
| 080 ## - УДК | |
| Текстов определител УДК | Развиване на мисълта. Подвижни упражнения - Упражняване на вниманието и способността за различаване, наблюдаване на природата, гимнастика, ритмични упражнения, ръчна работа и др. |
| УДК код - определител по УДК | 372.36 |
| УДК определител | |
| УДК - код + определител | 372.36 |
| 080 ## - УДК | |
| Текстов определител УДК | Образование и възпитание на интелекта и на личността |
| УДК код - определител по УДК | 37.03 |
| УДК определител | |
| УДК - код + определител | 37.03 |
| 100 1# - Редна дума - Автор | |
| Автор | Тюле, Ерве |
| Авторска отговорност | първи автор |
| R(LIN) | 131985 |
| 139 ## - Редно поле | |
| Редна дума | Тюле, Ерве |
| Авторски знак | Тю - Т 98 |
| 245 10 - Сведения за заглавието | |
| Заглавие | Натисни точката |
| Редно поле (дума) | Ерве Тюле; прев. Лиляна Петрова Николова. |
| 257 ## - Страна на издаване | |
| Страна на създаване/издаване | Франция |
| 260 ## - Област на издателските данни | |
| -- | София |
| Име на издателя, разпространителя и проч. | Funky Books |
| Година на издаване | 2015 |
| 300 ## - Физическа характеристика | |
| Страници | 55 с. |
| Илюстрации и др. | с цв. ил. |
| Размери/Мащаб | 22Х22 см |
| 380 ## - Жанр | |
| Жанр | Детска отраслова лит. |
| 500 ## - Общи забележки | |
| Забележка | Кор. опис. - Без сведение за ориг. загл. - Отпеч. на ламиниран картон. |
| 650 #4 - Допълнително описание по предмет – тема | |
| Основно описание – тема или топоним | Предучилищно възпитание |
| 9 (RLIN) | 241578 |
| 650 #4 - Допълнително описание по предмет – тема | |
| Основно описание – тема или топоним | Игри, развиващи |
| 9 (RLIN) | 335853 |
| 653 ## - Ключова дума – ненормативна | |
| Ключова дума | предучилищно възпитание |
| 653 ## - Ключова дума – ненормативна | |
| Ключова дума | книги-игри |
| 659 ## - Тематичен бюлетин | |
| Тематичен бюлетин | Н |
| 700 1# - Други автори (авторска отговорност) | |
| Лично име | Николова, Лиляна Петрова |
| Автороска отговорност (Описва отношението между автора и произведението) | прев. |
| 9 (RLIN) | 375067 |
| 852 ## - Местоположение | |
| Форматна сигнатура | Цб Гр А 2963 |
| 856 4# - Електронен адрес и достъп | |
| Електронен формат | pdf - файл |
| Път до файла /url/ | |
| 856 4# - Електронен адрес и достъп | |
| Електронен формат | pdf - файл |
| Път до файла /url/ | |
| 942 ## - АРТИКУЛИ | |
| Вид на библиотечния материал | Графични издания |
| Скрит в OPAC | Не |
| Koha issues (borrowed), all copies | 59 |
| 944 ## - СЪЗДАВАНЕ И РЕДАКЦИЯ на ЗАПИСА | |
| Създаване/Редакция | Създаване |
| Дата на регистрацията/редакция | 01.03.2017 |
| Статус, дата на статуса | Грета Цуфелде |
| Служител, извършил регистрацията/редакцията | 30537 |
| 944 ## - СЪЗДАВАНЕ И РЕДАКЦИЯ на ЗАПИСА | |
| Създаване/Редакция | Редакция |
| Дата на регистрацията/редакция | 22.07.2017 |
| Статус, дата на статуса | ф / |
| Служител, извършил регистрацията/редакцията | Людмила_Стоянова |
| 999 ## - СИСТЕМНИ КОНТРОЛНИ НОМЕРА | |
| Koha biblionumber | 212031 |
| Koha biblioitemnumber | 212031 |
| Код за отписване | Код за изгубен артикул | Код за повреда | Коз за рестрикции | Код за отдаване | Артикулен № | Име на библиотеката - собственик | Име на библиотеката, в която се намира в момента | Статус (Текущо местоположение) | Дата на вписване в системата | Местоположение - отдел | Цена в лева | Инвентарен номер | Систематично азбучна сигнатура | Баркод | Номер на екземпляра | Цена в евро | Служебна бележка | Служебен тип на артикула | Източник на класификационната схема |
|---|---|---|---|---|---|---|---|---|---|---|---|---|---|---|---|---|---|---|---|
| Не е изгубен | Не е повреден | без рестрикции | заемане за дома | 364007 | Регионална библиотека "Любен Каравелов" Русе | Регионална библиотека "Любен Каравелов" Русе | Детски отдел | 2017-03-01 | Детски отдел | 20.00 | 120000808677 | ДН 372.3/Т 98 | 120000808677 | 1 | 10.23 | Дост: Pk Вид: Ф N: 484 Дата: 01.03.2017 | Графични издания | ||
| Не е изгубен | Не е повреден | без рестрикции | заемане за дома | 364008 | Регионална библиотека "Любен Каравелов" Русе | Регионална библиотека "Любен Каравелов" Русе | Детски отдел | 2017-05-15 | Детски отдел | 20.00 | 120000810861 | ДН 373.2/Т 98 Е | 120000810861 | 2 | 10.23 | Дост: Pk Вид: Ф N: 489 Дата: 12.05.2017 | Графични издания | Universal Decimal Classification | |
| Не е изгубен | Не е повреден | без рестрикции | заемане за дома | 364009 | Регионална библиотека "Любен Каравелов" Русе | Регионална библиотека "Любен Каравелов" Русе | Детски отдел | 2017-06-23 | Детски отдел | 20.00 | 120000812779 | ДН 373.2/Т 98 Е | 120000812779 | 3 | 10.23 | Дост: DA Вид: А N: 26 Дата: 23.06.2017 | Графични издания | Universal Decimal Classification |